Quiz sur les couleurs - Statistiques

Statistiques générales
  • Ce quiz a été pris 437 fois
  • Le résultat moyen est 7 sur 12
Statistiques - réponses
Par images Réponse % Correct
Orange
95%
Bleu
90%
Violet
88%
Turquoise
71%
Bordeaux
67%
Doré
66%
Saumon
60%
Mauve
54%
Cyan
52%
Vert Sapin
25%
Fuchsia
13%
Moutarde
13%
Aucun quiz correspondant
Distribution des résultats
% des personnes avec chaque résultat
Percentile par nombre de réponses
Votre historique - résultats
Vous n’avez pas pris ce quiz